000 00702nam a2200241 i 4500
003 DO-SdBNP
005 20250226083332.0
007 ta
008 250226b1992 dr c|||| |||| 00| 0 spa d
040 _aDO-SdBNP
_bspa
_cBNPHU
_erda
082 4 _axxx
_bxxx
_222
100 _aGonzález, Orángel,
_eautor
_4aut.
_914465
245 1 0 _aPerfiles de Balaguer y Bosch
250 _aprimera edición
264 1 _aSanto Domingo :
_bEdiciones Universo,
_c1992.
300 _a57 páginas :
_bretratos ;
_c21 cm.
336 _atexto
_btxt
_2rdacontent
337 _asin mediación
_bn
_2rdamedia
338 _avolumen
_bnc
_2rdacarrier
590 _aInventariado, 2025/BT
910 _aBtavárez
942 _2ddc
_cLBS1
999 _c58241
_d58241